000 01642nam2a22002531 4500
001 RU\NLR\INFOCOMM19\1000039554
005 20250617161842.0
035 _a(NLR Aleph) 002771259
090 _a2320979
_c2320979
100 _a20040224d1978 |||y0rusy50 ca
101 0 _arus
102 _aRU
105 _ay |||||||||
200 1 _aОрганизация изучения спроса населения на товары народного потребления
_fЮ.К. Твилдиани
210 _d1978
_aБ. м.
461 0 _1001RU\NLR\INFOCOMM19\1000039534
_12001#$aГосударственная торговля$iСерия "Изучение конъюнктуры торговли и спроса населения на товары народного потребления"$fМ-во торг. СССР. ЦНИИ науч., техн. и экон. информации в торговле и обществ. питании. Обзорная информация$v1978, Вып.2
_92320807
_cМ.
_d1972-
_fМ-во торг. СССР. ЦНИИ науч., техн. и экон. информации в торговле и обществ. питании. Обзорная информация
_iСерия "Изучение конъюнктуры торговли и спроса населения на товары народного потребления"
_tГосударственная торговля
_v1978, Вып.2
700 1 _aТвилдиани
_bЮ.К.
_4070
801 1 _aRU
_bInfoComm
_c20040224
801 0 _aRU
_bNLR
_gPSBO
852 _aNLR
_jП22/3609
942 _cISSUE
980 _aNB
980 _aRUSPER